000
00252nam a2200109Ia 4500
008
200302s9999 xx 000 0 und d
100
_a
Author
245
_a
Creative Home Décor
260
_b
Source Publishers Pvt Ltd
260
_c
2005
300
_a
117 P
999
_c
4264
_d
4264